Southville International School and Colleges
Your cart is empty.
  • Cart
  • Lists
    Public lists Eva Luna New books Lux_list list_1
    Your lists Log in to create your own lists
  • Log in to your account
  • Your cookies
  • Search history
Southville International School and Colleges
  • Advanced search
  • Recent comments
  • Most popular
  • Libraries

Log in to your account

Log in with GOOGLE


If you do not have an external account, but do have a local account, you can still log in:

  1. Home
  2. MARC view: Monster crocs /
Normal view MARC view ISBD view

Monster crocs / (Record no. 10597)

[ view plain ]
MARC details
000 -LEADER
fixed length control field 00518nam a22001937a 4500
003 - CONTROL NUMBER IDENTIFIER
control field OSt
005 - DATE AND TIME OF LATEST TRANSACTION
control field 20140310182216.0
008 - FIXED-LENGTH DATA ELEMENTS--GENERAL INFORMATION
fixed length control field 130907t xxu||||| |||| 00| 0 eng d
020 ## - INTERNATIONAL STANDARD BOOK NUMBER
International Standard Book Number 9781846967047
050 ## - LIBRARY OF CONGRESS CALL NUMBER
Classification number QL 666
Item number .J12 2008
082 ## - DEWEY DECIMAL CLASSIFICATION NUMBER
Classification number HS 597.98
Item number J12 2008
100 ## - MAIN ENTRY--PERSONAL NAME
Personal name Jackson, Tom
9 (RLIN) 17060
245 ## - TITLE STATEMENT
Title Monster crocs /
Statement of responsibility, etc Tom Jackson.
260 ## - PUBLICATION, DISTRIBUTION, ETC. (IMPRINT)
Place of publication, distribution, etc Great Britain :
Name of publisher, distributor, etc Ticktock,
Date of publication, distribution, etc c2008.
300 ## - PHYSICAL DESCRIPTION
Extent 32 p. :
Other physical details col. ill. ;
Dimensions 26 cm.
650 ## - SUBJECT ADDED ENTRY--TOPICAL TERM
Topical term or geographic name as entry element Reptiles.
9 (RLIN) 17061
942 ## - ADDED ENTRY ELEMENTS (KOHA)
Source of classification or shelving scheme Library of Congress Classification
Koha item type
Holdings
Withdrawn status Lost status Source of classification or shelving scheme Damaged status Home library Current library Shelving location Date acquired Total Checkouts Full call number Barcode Date last seen Copy number Price effective from Koha item type
    Library of Congress Classification   Luxembourg Library Luxembourg Library High School Section 09/07/2013   QL 666 .J12 2008 18637 09/07/2013 1 09/07/2013 Books

Monster crocs /

APA

Jackson T., . (2008). Monster crocs. Great Britain: Ticktock.

Chicago

Jackson Tom, . 2008. Monster crocs. Great Britain: Ticktock.

Harvard

Jackson T., . (2008). Monster crocs. Great Britain: Ticktock.

MLA

Jackson Tom, . Monster crocs. Great Britain: Ticktock. 2008.

  • Place hold
  • Print
  • Cite
  • Add to your cart (remove)
  • Save record
    BIBTEX Dublin Core MARCXML MARC (non-Unicode/MARC-8) MARC (Unicode/UTF-8) MARC (Unicode/UTF-8, Standard) MODS (XML) RIS
  • More searches
    Search for this title in:
    Other Libraries (WorldCat) Other Databases (Google Scholar) Online Stores (Bookfinder.com) Open Library (openlibrary.org)

Exporting to Dublin Core...

SOUTHVILLE LIBRARY

Southville International School and Colleges Library

1281 Tropical Ave. Cor. Luxembourg St., BF Homes International, Las Pinas City

Tel. No. 8256374 / 252358 Loc. 117/146

Powered by Koha